000 00561nam a2200181Ia 4500
003 GCL
008 140319s9999 xx 000 0 ara d
040 _aGCL /
_cGCL
082 0 4 _a330.15
_bس ت
100 1 _aسعيد النجار
245 1 0 _aتاريخ الفكر الاقتصادى من التجاريين الى نهاية التقليدين /
_cسعيد النجار
260 _a[S.N] :
_bدار النهضة العربية ،
_c1973
300 _a558 ص
490 _a
650 0 4 _aالاقتصاد
650 0 4 _aنظريات
942 _2ddc
_cBK
999 _c37493
_d37493